[Event "39. Offene Stadtmeisterschaft"]
[Site "Bergisch Gladbach"]
[Date "2017.10.13"]
[Round "7.9"]
[White "Gnass, Arno"]
[Black "Graß, Jonathan"]
[Result "0-1"]
[WhiteElo "1632"]
[BlackElo "1516"]
[PlyCount "94"]
[EventDate "2017.??.??"]
[EventType "swiss"]
[EventRounds "7"]

1. d4 Nf6 2. Nf3 c5 3. e3 cxd4 4. exd4 g6 5. b3 Bg7 6. Bb2 O-O 7. Be2 d6 8. O-O
Bd7 9. Nbd2 Nc6 10. Rb1 Qc7 11. a3 a6 12. Re1 e6 13. Bf1 d5 14. Rc1 Rfc8 15. c4
Qd8 16. g3 Bh6 17. Rc2 Na5 18. Rc3 b6 19. b4 Nxc4 20. Bxc4 dxc4 21. Rxc4 Rxc4
22. Nxc4 Qc7 23. Nce5 Rc8 24. Qe2 Bb5 25. Qd1 Qc2 26. Qb1 Qxb1 27. Rxb1 Be2 28.
Kg2 Bb5 29. h3 Nd7 30. Ng4 Bg7 31. Rc1 Rxc1 32. Bxc1 Bc6 33. Ngh2 Bxd4 34. Kg1
Bc3 35. Nd2 Ne5 36. Nb3 Bd5 37. Bf4 Bxb3 38. Nf1 Nf3+ 39. Kh1 Bd5 40. Ne3 Bb3
41. Kg2 Ne1+ 42. Kh2 Nd3 43. Bc7 b5 44. Ng4 h5 45. Ne3 Nxf2 46. Bf4 Nd3 47. Bd6
Bb2 0-1

[Event "39. Offene Stadtmeisterschaft"]
[Site "Bergisch Gladbach"]
[Date "2017.10.13"]
[Round "7.11"]
[White "Hertling, Jürgen"]
[Black "Johann, Hans Werner"]
[Result "1-0"]
[WhiteElo "1624"]
[BlackElo "1279"]
[PlyCount "57"]
[EventDate "2017.??.??"]
[EventType "swiss"]
[EventRounds "7"]

1. d4 d5 2. c4 dxc4 3. e4 e6 4. Bxc4 c6 5. Nf3 h6 6. O-O b5 7. Bd3 Nf6 8. Bf4
Be7 9. Nbd2 Bb7 10. Nb3 a5 11. Qe2 a4 12. Nc5 Bxc5 13. dxc5 Na6 14. Bd6 Nd7 15.
Rfc1 Nb4 16. Bxb5 Ba6 17. Bc4 Bxc4 18. Qxc4 Qa5 19. a3 Na6 20. Qd4 Nf6 21. Ne5
Rc8 22. Rc4 Nb8 23. Bxb8 Rxb8 24. Nxc6 Qc7 25. Nxb8 Qxb8 26. Rxa4 O-O 27. Rd1
e5 28. Qc3 Nxe4 29. Rxe4 1-0

[Event "39. Offene Stadtmeisterschaft"]
[Site "Bergisch Gladbach"]
[Date "2017.10.13"]
[Round "7.12"]
[White "Stuch, Hans-Ferdinand"]
[Black "Hoferichter, Michael"]
[Result "1/2-1/2"]
[WhiteElo "1599"]
[BlackElo "1307"]
[PlyCount "93"]
[EventDate "2017.??.??"]
[EventType "swiss"]
[EventRounds "7"]

1. e4 c5 2. Nc3 Nc6 3. f4 e6 4. Nf3 d5 5. Bb5 Nf6 6. Bxc6+ bxc6 7. e5 Ng4 8. d3
Bb7 9. O-O h5 10. b3 Nh6 11. Qe1 Be7 12. Ba3 Nf5 13. Na4 c4 14. Bxe7 Qxe7 15.
dxc4 a5 16. Qf2 Rh6 17. Nc5 Bc8 18. Na4 Ra6 19. Rfd1 h4 20. Nc5 Ra7 21. Na4 Ra6
22. c5 Rg6 23. Nb6 Bb7 24. c4 h3 25. g3 Nh4 26. Nxh4 Qxh4 27. cxd5 cxd5 28. Rd4
Rg4 29. Rad1 Qh5 30. Nc4 Bc6 31. Nd6+ Kd7 32. Qf1 Ra8 33. R1d2 Qh4 34. Kh1 Qh5
35. Ne4 Qh6 36. Ng5 Ke7 37. Nxh3 Rh8 38. Ng5 Rxg3 39. Rg2 Rxg2 40. Qxg2 Qh5 41.
Rd2 Kd7 42. Ne4 Kc7 43. Nd6 Rg8 44. Qe2 Qg6 45. Nb5+ Kd7 46. Nd4 Ra8 47. a4
1/2-1/2

[Event "39. Offene Stadtmeisterschaft"]
[Site "Bergisch Gladbach"]
[Date "2017.10.13"]
[Round "7.13"]
[White "Schüers, Christian"]
[Black "Felsmann, Helmut"]
[Result "0-1"]
[WhiteElo "1548"]
[BlackElo "1402"]
[PlyCount "134"]
[EventDate "2017.??.??"]
[EventType "swiss"]
[EventRounds "7"]

1. e4 e5 2. Nf3 Nc6 3. d3 d6 4. Be2 Be7 5. Nc3 Bg4 6. h3 Bxf3 7. Bxf3 Nd4 8.
O-O Nf6 9. a4 a5 10. Bd2 c6 11. b3 Nd7 12. g3 Bg5 13. Bg2 Nc5 14. h4 Bxd2 15.
Qxd2 O-O 16. Rac1 Qf6 17. f4 Qg6 18. Qe3 Qh6 19. Ne2 Nxe2+ 20. Qxe2 exf4 21.
Rxf4 Ne6 22. Rff1 Nd4 23. Qe1 Qg6 24. Rf4 Ne6 25. Rf5 b6 26. Qf2 Rae8 27. Kh2
c5 28. c3 f6 29. Bf3 Qh6 30. Rh1 Ng5 31. Kg2 Nxf3 32. Rxf3 Re5 33. Re1 Rfe8 34.
Rfe3 Qg6 35. c4 Rh5 36. Qf4 Rhe5 37. Kf2 Qf7 38. Ke2 Qe6 39. Kd2 Kf7 40. Kc3
Ke7 41. d4 cxd4+ 42. Kxd4 Qc8 43. Kc3 Qc5 44. Kb2 Qd4+ 45. Kc2 Qc5 46. Rd3 Kf7
47. Qe3 Qc6 48. Rd4 Qc5 49. Kd3 Qb4 50. Kc2 R8e6 51. g4 Qa3 52. Qc3 Qc5 53. Qd2
Qc6 54. Qd3 Qc5 55. Re2 Qa3 56. Qc3 Ke7 57. Kd3 Qc5 58. Rd5 Qg1 59. Rxe5 dxe5
60. Qe1 Rd6+ 61. Kc2 Qxg4 62. Rd2 Rxd2+ 63. Kxd2 Qd7+ 64. Kc2 Qd4 65. Qe2 g6
66. Qe1 Kd6 67. Qe2 Kc5 0-1

[Event "39. Offene Stadtmeisterschaft"]
[Site "Bergisch Gladbach"]
[Date "2017.10.13"]
[Round "7.15"]
[White "Blüggel, Theodor"]
[Black "Grothe, Karl Josef"]
[Result "1-0"]
[WhiteElo "942"]
[BlackElo "1142"]
[PlyCount "132"]
[EventDate "2017.??.??"]
[EventType "swiss"]
[EventRounds "7"]

1. d4 g6 2. c4 c6 3. Nc3 e6 4. e4 Bb4 5. Nf3 Bxc3+ 6. bxc3 f6 7. c5 b5 8. Bd3
Na6 9. O-O Nc7 10. a4 a6 11. Ba3 Bb7 12. c4 bxa4 13. Qxa4 Ne7 14. Qd1 O-O 15.
Bc2 Ne8 16. Re1 Ng7 17. e5 Nef5 18. h3 h5 19. Bc1 Kf7 20. Nh2 Rh8 21. g4 hxg4
22. hxg4 Rxh2 23. Kxh2 Qh8+ 24. Kg2 Nh4+ 25. Kf1 Nhf5 26. gxf5 Qh1+ 27. Ke2
Qh5+ 28. Kd2 Qxd1+ 29. Kxd1 gxf5 30. f4 Rh8 31. Kd2 Rh2+ 32. Kc3 Rf2 33. Kb2
Nh5 34. Be3 Rh2 35. Kc3 Rh3 36. Bd3 Ng3 37. Ra2 Ne4+ 38. Bxe4 fxe4 39. exf6
Kxf6 40. Rb2 Bc8 41. Rb8 Rh8 42. Kb4 Ke7 43. Ka5 d5 44. cxd5 exd5 45. Kb6 Kd7
46. Ka5 Rh2 47. Ra1 Kc7 48. Rbb1 Kd7 49. f5 Ke7 50. Bg5+ Kf7 51. Rh1 Rxh1 52.
Rxh1 Bxf5 53. Kxa6 Kg6 54. Bf4 Bd7 55. Kb6 Kf5 56. Be3 Kg4 57. Kc7 Be8 58. Rh8
Kf3 59. Bh6 e3 60. Bxe3 Kxe3 61. Rxe8+ Kxd4 62. Kd6 Kc4 63. Kxc6 d4 64. Kb6 d3
65. Rd8 Kc3 66. c6 d2 1-0